| 000 | 00832nam a22002537a 4500 | ||
|---|---|---|---|
| 999 |
_c6210 _d6210 |
||
| 001 | 6304 | ||
| 003 | BD-DhUAP | ||
| 005 | 20201227153519.0 | ||
| 008 | 201227s1995 nyua|||| |||| 001 0 eng d | ||
| 020 | _a0070125414 | ||
| 040 |
_aBD-DhUAP _bEng _cBD-DhUAP _dBD-DhUAP |
||
| 082 |
_223 _a690 STR |
||
| 245 |
_aStructural systems for tall buildings / _cedited by Ryszard M. Kowalczyk, Robert Sinn and Max B. Kilmister. |
||
| 260 |
_aNew York : _bMcGraw-Hill, _c©1995. |
||
| 300 |
_axvii, 422 pages : _billustrations ; _c23 cm. |
||
| 490 | _aTall buildings and urban environment series. | ||
| 500 | _aIncludes index. | ||
| 650 |
_aTall buildings _vDesign and construction. |
||
| 650 | _aStructural engineering. | ||
| 700 | _aKowalczyk, Ryszard M. | ||
| 700 | _aSinn, Robert. | ||
| 700 | _aKilmister, Max B. | ||
| 942 |
_2ddc _cBK |
||